00497nam a2200205Ia 4500003000400000005001700004008004100021020002200062040000700084041000800091082001300099100000900112245006100121250000600182260004500188300001700233365001300250650001400263650001400277OSt20230516135108.0210423s2015 xx 000 0 und d a978-0-19-945041-2 cAL aeng a920 BAMK aBAMA aKarukku Tr by Lakshmi Holmstrom Ed 2cKRISHNAN (Mini) Ed a2 aNew DelhibOxford University Pressc2015 axxiv,144bPB b295cINR aBiography aBiography